Most Popular TV shows - Statistics

General Stats
  • This quiz has been taken 270 times
  • The average score is 4 of 25
Answer Stats
Answer % Correct
15 Breaking Bad
59%
7 Game of Thrones
57%
20 Grey's Anatomy
35%
2 The Walking Dead
31%
25 Modern Family
21%
9 The Big Bang Theory
20%
11 Supernatural
18%
22 Orange is the new black
16%
12 The Vampire Diaries
14%
3 Arrow
12%
10 Once upon a time
12%
1 American Horror Story
10%
23 Criminal Minds
10%
24 Gilmore Girls
10%
18 Doctor Who
9%
16 How to get away with murder
9%
8 The 100
9%
6 The Flash
9%
13 Homeland
6%
4 Sons of Anarchy
6%
14 Agents of Shield
4%
5 Gotham
4%
19 The Blacklist
2%
21 12 Monkeys
0%
17 Constantine
0%
No matching quizzes found
Score Distribution
Percent of People with Each Score
Percentile by Number Answered
Your Score History
You have not taken this quiz